| 000 | 00448nam a22001577a 4500 | ||
|---|---|---|---|
| 005 | 20180724130959.0 | ||
| 020 |
_a8171770975 _c350.00 |
||
| 035 | _aA-950230, A-950229 | ||
| 037 |
_aDPL _bENG |
||
| 100 | _aAbell, Mark | ||
| 245 |
_aFranchising in India / _cby Mark Abell and Lisa Sen |
||
| 260 |
_aCalcutta _bEastern Law House _c1998 |
||
| 300 |
_a352p. _c20 cms. |
||
| 700 |
_aSen, Lisa _948510 |
||
| 942 |
_2ddc _cEN _h346.048 _mABE |
||
| 999 |
_c67561 _d67561 |
||